000 00873nam a2200265Ia 4500
005 20240530103200.0
008 140319s1995 xx 000 0 ara d
040 _aGCL /
_cGCL
082 0 4 _a411 /
_bط ص
100 1 _aطلال علامة
245 1 0 _aصناعة الكتابة وفن التعبير /
_cطلال علامة
250 _aالاولى
260 _aبيروت :
_bدار الفكر اللبنانى ،
_c1995
300 _a335 ص ؛
_c24 سم
650 0 4 _aالاوزان الشعرية
650 0 4 _aالكتابة
650 0 4 _aاللغة العربية
650 0 4 _aالصرف
650 0 4 _aالبلاغة العربية
650 0 4 _aالتفعيلات الشعرية
650 0 4 _aالعروض والقوافى
650 0 4 _aالكتابة العربية
942 _2ddc
_cBK
999 _c37391
_d37391